000 00477nmm a2200157Ia 4500
008 251105s9999||||xx |||||||||||||||||und||
020 _a9788490291153
041 _aspa
100 _aGrau Castelló, Xavier
245 0 _aNaming. ¿Cómo crear un buen nombre?
264 _a[Madrid, España] :
_bUniversitat Oberta de Catalunya,
_c2011
300 _a96 páginas
650 _aEconomics and Business
856 _uhttps://public.digitaliapublishing.com/a/20453
942 _cCF
999 _c87593
_d87593